The frontiers of political theory : (Record no. 48717)
[ view plain ]
| 000 -LEADER | |
|---|---|
| fixed length control field | 00679 a2200217 4500 |
| 041 ## - LANGUAGE CODE | |
| Language code of text/sound track or separate title | Eng |
| 082 ## - DEWEY DECIMAL CLASSIFICATION NUMBER | |
| Classification number | 320.1 |
| Item number | F877f |
| 100 ## - MAIN ENTRY--PERSONAL NAME | |
| Personal name | Freeman, Michael, ed. |
| 9 (RLIN) | 4488 |
| 100 ## - MAIN ENTRY--PERSONAL NAME | |
| Personal name | Robertson, David |
| 9 (RLIN) | 4489 |
| 245 ## - TITLE STATEMENT | |
| Title | The frontiers of political theory : |
| Remainder of title | essays in a revitalised discipline / |
| 260 ## - PUBLICATION, DISTRIBUTION, ETC. | |
| Place of publication, distribution, etc. | New Delhi : |
| Name of publisher, distributor, etc. | Heritage Publishers, |
| Date of publication, distribution, etc. | 1982. |
| 300 ## - PHYSICAL DESCRIPTION | |
| Extent | 308 p.: |
| Other physical details | ill. |
| 504 ## - BIBLIOGRAPHY, ETC. NOTE | |
| Bibliography, etc. note | Bibliographical footnotes at the end of each chpater |
| 650 ## - SUBJECT ADDED ENTRY--TOPICAL TERM | |
| Topical term or geographic name entry element | Political philosophy |
| 9 (RLIN) | 1507 |
| 650 ## - SUBJECT ADDED ENTRY--TOPICAL TERM | |
| Topical term or geographic name entry element | Political science |
| 9 (RLIN) | 2790 |
| 650 ## - SUBJECT ADDED ENTRY--TOPICAL TERM | |
| Topical term or geographic name entry element | Political systems |
| 9 (RLIN) | 2920 |
| 650 ## - SUBJECT ADDED ENTRY--TOPICAL TERM | |
| Topical term or geographic name entry element | Social justice |
| 9 (RLIN) | 4129 |
| 653 ## - INDEX TERM--UNCONTROLLED | |
| Uncontrolled term | Political theory |
| 942 ## - ADDED ENTRY ELEMENTS (KOHA) | |
| Source of classification or shelving scheme | Dewey Decimal Classification |
| Koha item type | General Collections |
| 518 ## - DATE/TIME AND PLACE OF AN EVENT NOTE | |
| -- | 2010/12/13 |
| Withdrawn status | Lost status | Source of classification or shelving scheme | Damaged status | Not for loan | Home library | Current library | Date acquired | Total Checkouts | Full call number | Barcode | Date last seen | Price effective from | Koha item type |
|---|---|---|---|---|---|---|---|---|---|---|---|---|---|
| Dewey Decimal Classification | Tribhuvan University Central Library | Tribhuvan University Central Library | 12/13/2010 | 320.1 F877f | 82454 | 12/13/2010 | 12/13/2010 | General Collections |
